[Event "RHP Coorespondance"]
[Date "2007.08.03"]
[EndDate "2007.08.17"]
[Round "?"]
[White "Rosen, Joshua"]
[Black "Tomasino, James"]
[WhiteRating "1042"]
[BlackRating "1785"]
[WhiteElo "1042"]
[BlackElo "1785"]
[Result "0-1"]
[GameId "3879497"]

1. e4 e5 2. Ng1f3 Nb8c6 3. Bf1c4 d6 4. d4 exd4 5. Nf3xd4 Nc6xd4 6. Qd1xd4 Qd8e7 7. Bc1e3 Bc8e6 8. Bc4b5 c6 9. Bb5a4 Ng8f6 10. Nb1c3 g5 11. Be3xg5 Bf8g7 12. O-O-O O-O 13. g4 h6 14. Bg5f4 Ra8d8 15. Qd4xa7 Nf6xg4 16. h3 Ng4e5 17. Rh1g1 Kg8h7 18. Nc3e2 Be6xa2 19. Ba4b3 Ba2xb3 20. cxb3 Ne5f3 21. Rg1g3 Qe7xe4 22. Qa7d4 Nf3xd4 23. Ne2xd4 Qe4xf4 24. Rd1d2 Bg7xd4 25. Rg3d3 Bd4xf2 26. b4 Bf2e3 27. Kc1c2 Be3xd2 28. b3 Bd2xb4 29. h4 Qf4f2 30. Kc2b1 Bb4a3 31. b4 Qf2b2 0-1

[Event "RHP Coorespondance"]
[Date "2007.07.30"]
[EndDate "2007.08.10"]
[Round "?"]
[White "Tomasino, James"]
[Black "Orlando, Christopher"]
[WhiteRating "1785"]
[BlackRating "1522"]
[WhiteElo "1785"]
[BlackElo "1522"]
[Result "1-0"]
[GameId "3864613"]

1. e4 c5 2. c4 Ng8f6 3. Nb1c3 e5 4. Ng1e2 Bf8d6 5. d3 O-O 6. g3 a6 7. Nc3d5 Nf6h5 8. Bf1h3 Nb8c6 9. f4 f6 10. O-O b5 11. f5 bxc4 12. dxc4 g6 13. fxg6 hxg6 14. Qd1d2 g5 15. Rf1f5 Nh5g7 16. Rf5f1 Bc8b7 17. Nd5b6 Qd8xb6 18. Qd2d5 Ng7e6 19. Bh3xe6 dxe6 20. Qd5xd6 Ra8d8 21. Qd6xe6 Rf8f7 22. Rf1xf6 Rd8f8 23. Rf6g6 Kg8h7 24. Bc1xg5 Bb7c8 25. Rg6h6 Kh7g7 26. Qe6g6 1-0

[Event "RHP Coorespondance"]
[Date "2007.07.30"]
[EndDate "2007.08.09"]
[Round "?"]
[White "Tomasino, James"]
[Black "Lyden, John"]
[WhiteRating "1785"]
[BlackRating "977"]
[WhiteElo "1785"]
[BlackElo "977"]
[Result "1-0"]
[GameId "3864208"]

1. e4 b5 2. Bf1xb5 Bc8b7 3. Nb1c3 a6 4. Bb5c4 e6 5. d3 Nb8c6 6. Ng1f3 Bf8e7 7. O-O h6 8. e5 g5 9. Bc1e3 d5 10. exd6 Qd8xd6 11. Nc3e4 Qd6b4 12. c3 Qb4xb2 13. Ra1b1 Qb2a3 14. Rb1xb7 Ra8a7 15. Be3c1 Qa3a5 16. Qd1b3 Be7c5 17. d4 Nc6xd4 18. cxd4 Bc5xd4 19. Bc1a3 Bd4xf2 20. Rf1xf2 c6 21. Rb7xa7 Qa5d8 22. Rf2b2 Ng8f6 23. Ne4xf6 Qd8xf6 24. Qb3b8 Qf6d8 25. Qb8xd8 Ke8xd8 26. Rb2b8 1-0

[Event "RHP Coorespondance"]
[Date "2007.07.26"]
[EndDate "2007.07.30"]
[Round "?"]
[White "Lyden, John"]
[Black "Tomasino, James"]
[WhiteRating "977"]
[BlackRating "1785"]
[WhiteElo "977"]
[BlackElo "1785"]
[Result "0-1"]
[GameId "3847674"]

1. c4 e5 2. b3 Nb8c6 3. e4 Nc6d4 4. Ng1f3 c5 5. d3 Ng8f6 6. Qd1d2 Bf8d6 7. Bc1b2 b6 8. Nb1c3 O-O 9. O-O-O h6 10. Nc3a4 Nf6g4 11. Nf3h4 Qd8xh4 12. g3 Qh4f6 13. h3 Ng4xf2 14. Rh1h2 Nf2xd1 15. Qd2xd1 Nd4f3 16. Qd1c2 Qf6g5 17. Kc1b1 Qg5xg3 18. Qc2e2 Nf3xh2 19. Bf1g2 Bd6e7 20. Qe2f3 Nh2xf3 21. Bg2xf3 Qg3xf3 0-1

[Event "RHP Coorespondance"]
[Date "2007.07.25"]
[EndDate "2007.08.07"]
[Round "?"]
[White "Tomasino, James"]
[Black "Spotto, Daniel"]
[WhiteRating "1785"]
[BlackRating "1607"]
[WhiteElo "1785"]
[BlackElo "1607"]
[Result "1-0"]
[GameId "3845334"]

1. e4 c6 2. Ng1f3 d5 3. Nf3e5 Nb8d7 4. d4 Nd7xe5 5. dxe5 e6 6. c4 Ng8e7 7. Bc1e3 g6 8. Bf1e2 Bf8g7 9. Nb1c3 O-O 10. f4 Qd8a5 11. O-O dxe4 12. g4 Qa5c7 13. g5 Ne7f5 14. Be3c5 Rf8d8 15. Qd1c2 Qc7a5 16. Nc3xe4 b6 17. b4 Qa5a6 18. b5 cxb5 19. cxb5 Qa6a5 20. Bc5f2 Bc8b7 21. Ne4f6 Bg7xf6 22. exf6 Rd8d2 23. Qc2c7 Bb7d5 24. Ra1c1 Qa5a3 25. Qc7c3 Qa3xa2 26. Qc3c8 Ra8xc8 27. Rc1xc8 1-0

[Event "RHP Coorespondance"]
[Date "2007.07.24"]
[EndDate "2007.08.06"]
[Round "?"]
[White "Tomasino, James"]
[Black "Hamp, David"]
[WhiteRating "1785"]
[BlackRating "1129"]
[WhiteElo "1785"]
[BlackElo "1129"]
[Result "1-0"]
[GameId "3842551"]

1. e4 e6 2. d4 d5 3. e5 Nb8c6 4. Ng1f3 f6 5. Bc1f4 fxe5 6. dxe5 Bf8c5 7. Bf4g5 Ng8e7 8. Bf1d3 Nc6d4 9. O-O O-O 10. Bd3xh7 Kg8xh7 11. Qd1d3 Nd4f5 12. Nf3h4 Qd8e8 13. Nb1d2 Ne7g6 14. Nd2f3 Ng6xh4 15. Nf3xh4 Qe8h5 16. Nh4xf5 exf5 17. Bg5f4 Bc8e6 18. Qd3b5 b6 19. Qb5c6 Ra8c8 20. Qc6xe6 Rc8d8 21. Qe6c6 Qh5h4 22. g3 Qh4h5 23. Qc6xc7 Qh5e2 24. Ra1c1 a5 25. a4 Rd8b8 26. Rc1e1 Bc5xf2 27. Rf1xf2 Qe2xe1 28. Rf2f1 Qe1b4 29. e6 Rf8e8 30. Bf4e5 Re8g8 31. Rf1xf5 Rb8c8 32. Rf5h5 Kh7g6 33. Qc7f7 1-0

[Event "RHP Coorespondance"]
[Date "2007.07.17"]
[EndDate "2007.08.01"]
[Round "?"]
[White "Rosen, Joshua"]
[Black "Tomasino, James"]
[WhiteRating "1042"]
[BlackRating "1785"]
[WhiteElo "1042"]
[BlackElo "1785"]
[Result "0-1"]
[GameId "3817252"]

1. e4 e5 2. Ng1f3 Nb8c6 3. d4 f6 4. dxe5 fxe5 5. Bf1c4 Ng8f6 6. Bc1e3 Bf8b4 7. Nf3d2 Nf6xe4 8. c3 Bb4c5 9. Nd2xe4 Bc5xe3 10. Ne4g5 Be3xg5 11. Qd1h5 g6 12. Qh5g4 d5 13. Qg4d1 dxc4 14. Qd1xd8 Ke8xd8 15. h4 Bg5e7 16. Rh1h3 Bc8xh3 17. gxh3 Be7xh4 18. Nb1d2 Rh8f8 19. Nd2xc4 Rf8xf2 20. Ra1d1 Kd8e7 21. Nc4e3 Rf2h2 22. Ke1f1 Ra8f8 23. Kf1g1 Rf8f2 24. Ne3f1 Rf2g2 0-1

[Event "RHP Coorespondance"]
[Date "2007.07.03"]
[EndDate "2007.07.05"]
[Round "?"]
[White "Tomasino, James"]
[Black "Hamp, David"]
[WhiteRating "1785"]
[BlackRating "1129"]
[WhiteElo "1785"]
[BlackElo "1129"]
[Result "1-0"]
[GameId "3763379"]

1. e4 Nb8c6 2. f4 e5 3. f5 f6 4. Bf1c4 Ng8e7 5. Qd1h5 g6 6. fxg6 Ne7xg6 7. Ng1f3 Bf8c5 1-0

[Event "RHP Coorespondance"]
[Date "2007.07.02"]
[EndDate "2007.07.26"]
[Round "?"]
[White "Lyden, John"]
[Black "Tomasino, James"]
[WhiteRating "977"]
[BlackRating "1785"]
[WhiteElo "977"]
[BlackElo "1785"]
[Result "0-1"]
[GameId "3755514"]

1. e3 e5 2. Ng1f3 Nb8c6 3. Bf1c4 Ng8f6 4. d4 Nf6e4 5. O-O Bf8d6 6. a3 O-O 7. Qd1d3 Ne4f6 8. Qd3b3 exd4 9. exd4 Qd8e7 10. Bc1e3 a6 11. h4 Nf6g4 12. Be3g5 Qe7e4 13. Nb1d2 Qe4f5 14. d5 Nc6d4 15. Nf3xd4 Bd6h2 16. Kg1h1 Ng4xf2 17. Rf1xf2 Qf5xf2 18. Nd4f3 Bh2g3 19. Bg5e3 Qf2xf3 20. Nd2xf3 b5 21. Bc4d3 d6 22. Nf3g5 g6 23. c4 Rf8e8 24. Be3g1 Bc8f5 25. Bd3f1 Bg3xh4 26. cxb5 Bh4xg5 27. bxa6 Re8e4 28. Qb3b7 Re4e8 29. Ra1c1 Bg5xc1 30. Qb7xc7 Bc1f4 31. Bg1d4 Re8e1 32. Kh1g1 Bf5d3 33. Qc7b7 Re1xf1 0-1

[Event "RHP Coorespondance"]
[Date "2007.06.29"]
[EndDate "2007.07.03"]
[Round "?"]
[White "Tomasino, James"]
[Black "Hamp, David"]
[WhiteRating "1785"]
[BlackRating "1129"]
[WhiteElo "1785"]
[BlackElo "1129"]
[Result "1-0"]
[GameId "3747394"]

1. e4 e5 2. Ng1f3 Bf8d6 3. Nb1c3 Ng8f6 4. d4 Nb8c6 5. d5 Nc6b4 6. Bc1g5 h6 7. Bg5xf6 Qd8xf6 8. g3 a5 9. Bf1g2 a4 10. O-O a3 11. bxa3 Ra8xa3 12. Nc3b5 Ra3xa2 13. c3 b6 14. cxb4 Ra2xa1 15. Nb5xd6 cxd6 16. Qd1xa1 Ke8e7 17. Qa1a8 g5 18. Nf3d2 Qf6g7 19. Nd2c4 b5 20. Nc4b6 Ke7d8 21. Qa8xc8 Kd8e7 22. Qc8xd7 Ke7f6 23. Qd7xd6 1-0

[Event "RHP Coorespondance"]
[Date "2007.06.26"]
[EndDate "2007.07.03"]
[Round "?"]
[White "Tomasino, James"]
[Black "Rosen, Joshua"]
[WhiteRating "1785"]
[BlackRating "1042"]
[WhiteElo "1785"]
[BlackElo "1042"]
[Result "1-0"]
[GameId "3732701"]

1. e4 e5 2. Ng1f3 f6 3. Bf1c4 Bf8c5 4. O-O c6 5. d4 exd4 6. Nf3xd4 Ng8e7 7. b3 Qd8a5 8. Bc1b2 d5 9. exd5 O-O 10. Nd4e6 Rf8f7 11. Bb2c1 Ne7xd5 12. Bc1d2 Qa5a3 13. Nb1xa3 Bc5xa3 14. Qd1g4 f5 15. Qg4e2 Rf7e7 16. Ra1e1 Ba3c5 17. Bc4xd5 cxd5 18. Qe2b5 Bc5b6 19. Qb5xd5 Re7d7 20. Ne6g5 Rd7xd5 21. Re1e8 1-0

[Event "RHP Coorespondance"]
[Date "2007.06.22"]
[EndDate "2007.07.08"]
[Round "?"]
[White "Baker, Jenna"]
[Black "Tomasino, James"]
[WhiteRating "946"]
[BlackRating "1785"]
[WhiteElo "946"]
[BlackElo "1785"]
[Result "0-1"]
[GameId "3718070"]

1. f3 f5 2. h3 Ng8f6 3. h4 g6 4. g3 Bf8g7 5. Rh1h2 O-O 6. Rh2f2 c5 7. f4 d5 8. a3 b6 9. b3 d4 10. Bf1h3 Nb8c6 11. a4 Nf6e4 12. Ra1a2 Qd8d5 13. Ng1f3 Nc6b4 14. d3 Ne4xg3 15. Rf2f1 Nb4xa2 16. Qd1d2 Ng3xf1 17. Ke1xf1 Na2xc1 18. Qd2xc1 Qd5d6 19. Bh3g2 Bg7h6 20. Qc1e1 Qd6xf4 21. Nb1d2 Bc8b7 22. e3 Qf4xe3 23. c3 Qe3xd3 24. Kf1g1 Bh6e3 25. Kg1h1 dxc3 26. Nd2c4 Be3f4 27. Qe1f1 Qd3c2 28. Nf3h2 Bb7xg2 29. Qf1xg2 Qc2b1 30. Qg2g1 c2 31. Nc4d2 Bf4xd2 32. h5 c1=Q 33. b4 Qc1xg1 0-1

[Event "RHP Coorespondance"]
[Date "2007.06.21"]
[EndDate "2007.06.28"]
[Round "?"]
[White "Hamp, David"]
[Black "Tomasino, James"]
[WhiteRating "1129"]
[BlackRating "1785"]
[WhiteElo "1129"]
[BlackElo "1785"]
[Result "0-1"]
[GameId "3714290"]

1. d4 d5 2. Nb1c3 g6 3. e4 e6 4. exd5 exd5 5. Ng1f3 Bc8e6 6. Bc1g5 Qd8d6 7. Qd1e2 c6 8. O-O-O Nb8d7 9. Bg5h4 Bf8e7 10. Bh4g3 Qd6b4 11. Nf3e5 O-O-O 12. Ne5xc6 bxc6 13. Qe2a6 Qb4b7 14. Nc3a4 Nd7b8 15. Qa6xb7 Kc8xb7 16. Rd1d3 Be7g5 17. f4 Bg5e7 18. Rd3b3 Kb7c7 19. h4 Be6f5 20. Rb3c3 Rd8e8 21. Bf1d3 Be7b4 22. Rc3b3 Bf5xd3 23. Rb3xb4 Bd3f5 24. Na4c5 Re8e2 25. Rb4b7 Kc7c8 26. Rb7xf7 Ng8h6 27. Rf7f6 Rh8e8 28. Rf6xc6 Nb8xc6 29. Kc1d1 Re2xg2 30. Nc5d3 Bf5g4 31. Kd1c1 Rg2xg3 32. Rh1e1 Re8xe1 33. Nd3xe1 Rg3e3 34. Kc1d2 Nh6f5 35. b3 0-1

[Event "RHP Coorespondance"]
[Date "2007.06.19"]
[EndDate "2007.06.21"]
[Round "?"]
[White "Hamp, David"]
[Black "Tomasino, James"]
[WhiteRating "1129"]
[BlackRating "1785"]
[WhiteElo "1129"]
[BlackElo "1785"]
[Result "0-1"]
[GameId "3705633"]

1. e4 e5 2. c3 c5 3. d3 g6 4. Ng1f3 Nb8c6 5. Bc1g5 Ng8e7 6. Bf1e2 Bf8g7 7. O-O d6 8. Qd1d2 Bc8e6 9. Rf1d1 Qd8c7 10. a4 O-O-O 11. Ra1a3 d5 12. Bg5xe7 Qc7xe7 13. Qd2g5 f6 14. Qg5d2 d4 15. cxd4 exd4 16. Qd2f4 g5 17. Qf4g3 Nc6b4 18. Nf3xd4 Rd8xd4 19. Ra3c3 Nb4a2 20. Rc3c2 h5 21. Rd1c1 Na2xc1 22. Rc2xc1 b6 23. a5 Be6g4 24. Be2xg4 hxg4 25. Nb1c3 f5 26. Nc3e2 Bg7e5 27. f4 gxf4 28. Ne2xd4 Be5xd4 29. Qg3f2 Bd4xf2 30. Kg1xf2 Rh8xh2 31. d4 Qe7xe4 32. Rc1e1 Qe4xg2 0-1

[Event "RHP Coorespondance"]
[Date "2007.06.19"]
[EndDate "2007.06.22"]
[Round "?"]
[White "Tomasino, James"]
[Black "Baker, Jenna"]
[WhiteRating "1785"]
[BlackRating "946"]
[WhiteElo "1785"]
[BlackElo "946"]
[Result "1-0"]
[GameId "3703475"]

1. e4 c5 2. c4 h6 3. g3 g6 4. Nb1c3 Nb8c6 5. Bf1g2 Ng8f6 6. Ng1e2 h5 7. O-O e6 8. d3 a6 9. Bc1e3 b6 10. Qd1d2 a5 11. h3 Ra8a7 12. Be3g5 Nf6xe4 13. Nc3xe4 Ra7b7 14. Bg5xd8 Ke8xd8 15. Ne4f6 Rh8h6 16. Ne2c3 Bf8e7 17. Nf6g8 Rh6h8 18. Nc3b5 Nc6b8 19. Bg2xb7 Bc8xb7 20. Ng8xe7 Kd8xe7 21. Qd2g5 Ke7f8 22. Qg5f6 Bb7a6 23. Nb5d6 h4 24. Qf6xf7 1-0

[Event "RHP Coorespondance"]
[Date "2007.06.16"]
[EndDate "2007.06.19"]
[Round "?"]
[White "Tomasino, James"]
[Black "Hamp, David"]
[WhiteRating "1785"]
[BlackRating "1129"]
[WhiteElo "1785"]
[BlackElo "1129"]
[Result "1-0"]
[GameId "3691029"]

1. e4 e5 2. Ng1f3 Bf8d6 3. d4 Nb8c6 4. d5 Bd6b4 5. c3 Bb4c5 6. dxc6 dxc6 7. Qd1xd8 Ke8xd8 8. Bc1e3 Bc5xe3 9. fxe3 Kd8e7 10. Bf1c4 Ng8f6 11. Nf3xe5 Bc8d7 12. Nb1d2 b5 13. Bc4b3 Bd7e6 14. O-O-O a5 15. Nd2f3 Nf6xe4 16. Ne5xc6 Ke7f6 17. Rh1f1 a4 18. Nf3d4 Kf6g6 19. Nc6e5 Kg6g5 20. Ne5xf7 Be6xf7 21. Bb3xf7 Ne4d6 22. Bf7d5 Rh8e8 23. Nd4f3 Kg5f5 24. Nf3d4 Kf5e5 25. Nd4c6 1-0

[Event "RHP Coorespondance"]
[Date "2007.06.14"]
[EndDate "2007.06.16"]
[Round "?"]
[White "Tomasino, James"]
[Black "Hamp, David"]
[WhiteRating "1785"]
[BlackRating "1129"]
[WhiteElo "1785"]
[BlackElo "1129"]
[Result "1-0"]
[GameId "3686333"]

1. e4 e5 2. Ng1f3 Bf8d6 3. d4 f6 4. d5 b6 5. Nb1c3 Ng8e7 6. Bf1c4 c6 7. O-O Bc8a6 8. b3 b5 9. Bc4e2 h5 10. Nf3h4 g6 11. dxc6 dxc6 12. a3 Qd8a5 13. b4 Qa5b6 14. Bc1e3 c5 15. Nc3d5 Ne7xd5 16. Qd1xd5 Ba6b7 17. Qd5e6 Ke8d8 18. Qe6xf6 Kd8c7 19. Qf6xh8 Bd6e7 20. Nh4xg6 Qb6xg6 21. Qh8xe5 Be7d6 22. Qe5f5 Bb7xe4 23. Qf5xg6 Be4xg6 24. Be2f3 Nb8c6 25. bxc5 Bd6e5 26. Ra1d1 Bg6xc2 27. Rd1d5 Be5c3 28. Rf1c1 Ra8d8 29. Rc1xc2 b4 30. axb4 Nc6xb4 31. Be3f4 Kc7c6 32. Rd5xd8 Kc6xc5 33. Rc2xc3 Kc5b5 34. Rd8b8 Kb5a4 35. Bf3c6 Nb4xc6 36. Rc3xc6 a5 37. Rc6c1 h4 38. Rc1a1 1-0

[Event "RHP Coorespondance"]
[Date "2007.06.12"]
[EndDate "2007.06.14"]
[Round "?"]
[White "Hamp, David"]
[Black "Tomasino, James"]
[WhiteRating "1129"]
[BlackRating "1785"]
[WhiteElo "1129"]
[BlackElo "1785"]
[Result "0-1"]
[GameId "3678100"]

1. e4 e5 2. Bf1c4 Ng8f6 3. Qd1f3 Bf8c5 4. b3 O-O 5. Bc1a3 b6 6. Nb1c3 Bc8b7 7. b4 Bc5d4 8. Ng1h3 Bd4xc3 9. dxc3 Bb7xe4 10. Qf3e3 d6 11. Nh3g5 Qd8d7 12. Ng5xe4 Nf6g4 13. Qe3h3 Nb8c6 14. Bc4e2 f5 15. Ne4g5 h6 16. Be2c4 d5 17. Ra1d1 Nc6e7 18. Ng5f3 Ra8d8 19. Bc4xd5 Ne7xd5 20. O-O Qd7b5 21. Rd1d3 Nd5f4 22. Qh3h4 Rd8xd3 23. cxd3 Qb5xd3 24. Nf3xe5 Nf4e2 25. Kg1h1 Qd3xc3 26. g3 Ng4xe5 27. Ba3c1 Qc3f3 0-1

[Event "RHP Coorespondance"]
[Date "2007.06.12"]
[EndDate "2007.06.18"]
[Round "?"]
[White "Rosen, Joshua"]
[Black "Tomasino, James"]
[WhiteRating "1042"]
[BlackRating "1785"]
[WhiteElo "1042"]
[BlackElo "1785"]
[Result "0-1"]
[GameId "3676877"]

1. e4 e5 2. f4 exf4 3. Ng1f3 d6 4. Bf1c4 h6 5. b3 Bc8g4 6. Bc4b5 Nb8c6 7. d3 g5 8. Nb1c3 Qd8f6 9. Nc3d5 Qf6xa1 10. Nd5xc7 Ke8d8 11. Nc7xa8 Qa1xa2 12. h3 Bg4xf3 13. gxf3 Nc6d4 14. O-O Nd4xb5 15. h4 Bf8g7 16. hxg5 hxg5 17. Bc1d2 Bg7d4 18. Kg1g2 g4 19. fxg4 Ng8f6 20. Bd2xf4 Rh8h4 21. Rf1h1 Rh4xg4 22. Kg2f3 Nb5c3 23. Qd1f1 Qa2xc2 24. Qf1h3 Qc2e2 0-1

[Event "RHP Coorespondance"]
[Date "2007.06.08"]
[EndDate "2007.06.12"]
[Round "?"]
[White "Hamp, David"]
[Black "Tomasino, James"]
[WhiteRating "1129"]
[BlackRating "1785"]
[WhiteElo "1129"]
[BlackElo "1785"]
[Result "0-1"]
[GameId "3661700"]

1. b3 c5 2. Bc1b2 Qd8b6 3. e3 e6 4. d4 c4 5. bxc4 Qb6xb2 6. Nb1d2 Bf8b4 7. c3 Bb4xc3 8. Ng1f3 Nb8c6 9. Ra1b1 Qb2xa2 10. Bf1d3 Nc6b4 11. O-O Nb4xd3 12. Rb1b3 Bc3xd2 13. Rb3xd3 Bd2a5 14. Nf3e5 d6 15. Ne5g4 Qa2xc4 16. Qd1b3 Qc4d5 17. e4 Qd5xe4 18. Qb3c3 Ba5xc3 0-1

[Event "RHP Coorespondance"]
[Date "2007.06.07"]
[EndDate "2007.06.08"]
[Round "?"]
[White "Hamp, David"]
[Black "Tomasino, James"]
[WhiteRating "1129"]
[BlackRating "1785"]
[WhiteElo "1129"]
[BlackElo "1785"]
[Result "0-1"]
[GameId "3656691"]

1. e4 e5 2. Bf1c4 Ng8f6 3. d3 Bf8c5 4. Ng1h3 O-O 5. O-O d6 6. Bc1e3 Nf6g4 7. Nh3g5 Bc5xe3 8. Bc4xf7 Rf8xf7 9. Ng5xf7 Qd8f6 10. fxe3 Qf6h4 11. Qd1xg4 Bc8xg4 12. Nf7h8 Nb8d7 13. Nb1c3 Nd7f6 14. d4 exd4 15. exd4 Ra8e8 16. g3 Qh4h3 17. Rf1f2 Nf6xe4 18. Ra1e1 Ne4f6 19. Rf2e2 Bg4xe2 20. Nc3xe2 Nf6g4 21. Re1f1 Qh3xh2 0-1

[Event "RHP Coorespondance"]
[Date "2007.06.05"]
[EndDate "2007.06.24"]
[Round "?"]
[White "Orlando, Christopher"]
[Black "Tomasino, James"]
[WhiteRating "1522"]
[BlackRating "1785"]
[WhiteElo "1522"]
[BlackElo "1785"]
[Result "0-1"]
[GameId "3643881"]

1. d4 d5 2. b3 Ng8f6 3. f3 g6 4. g4 Bf8g7 5. e3 O-O 6. g5 Nf6h5 7. f4 Nb8d7 8. Nb1c3 e5 9. Ng1h3 exd4 10. Nc3xd5 Rf8e8 11. Bf1c4 dxe3 12. Nd5xe3 Bg7c3 13. Bc1d2 Re8xe3 14. Bc4e2 Nd7c5 15. O-O Bc3xd2 16. b4 Nc5e4 17. Rf1f3 Qd8d4 18. Ra1b1 Re3xf3 19. Kg1g2 Rf3f2 20. Nh3xf2 Qd4xf2 0-1

[Event "RHP Coorespondance"]
[Date "2007.06.05"]
[EndDate "2007.06.12"]
[Round "?"]
[White "Tomasino, James"]
[Black "Rosen, Joshua"]
[WhiteRating "1785"]
[BlackRating "1042"]
[WhiteElo "1785"]
[BlackElo "1042"]
[Result "1-0"]
[GameId "3643880"]

1. e4 e6 2. Ng1f3 Bf8d6 3. Nb1c3 Ng8e7 4. Bf1c4 b5 5. Bc4xb5 Bc8a6 6. O-O c6 7. Bb5xa6 Nb8xa6 8. d4 c5 9. Nf3g5 Qd8a5 10. Qd1f3 O-O 11. Ng5xh7 Kg8xh7 12. Qf3h5 Kh7g8 13. Qh5g4 cxd4 14. Bc1h6 Kg8h7 15. Qg4xg7 1-0

[Event "RHP Coorespondance"]
[Date "2007.06.04"]
[EndDate "2007.06.07"]
[Round "?"]
[White "Tomasino, James"]
[Black "Hamp, David"]
[WhiteRating "1785"]
[BlackRating "1129"]
[WhiteElo "1785"]
[BlackElo "1129"]
[Result "1-0"]
[GameId "3642152"]

1. c4 c6 2. Nb1c3 e6 3. e4 g6 4. g3 f5 5. Bf1g2 Ng8f6 6. d3 b5 7. Ng1e2 Qd8e7 8. Bc1e3 d5 9. O-O Nb8a6 10. Qd1d2 Nf6g4 11. Be3g5 Qe7c5 12. d4 Qc5b4 13. h3 Ng4h6 14. Bg5xh6 Bf8xh6 15. Qd2xh6 Qb4xb2 16. Rf1b1 Qb2xe2 17. Nc3xe2 Rh8g8 18. Qh6xh7 Ke8f8 19. exd5 cxd5 20. cxd5 exd5 21. Bg2xd5 Ra8b8 22. Qh7f7 1-0

[Event "RHP Coorespondance"]
[Date "2007.05.31"]
[EndDate "2007.06.04"]
[Round "?"]
[White "Hamp, David"]
[Black "Tomasino, James"]
[WhiteRating "1129"]
[BlackRating "1785"]
[WhiteElo "1129"]
[BlackElo "1785"]
[Result "0-1"]
[GameId "3626001"]

1. e4 e5 2. Ng1f3 Nb8c6 3. d4 d5 4. exd5 Qd8xd5 5. Qd1e2 Bc8f5 6. c4 Qd5d7 7. Nf3xe5 Nc6xe5 8. Qe2xe5 Bf8e7 9. Nb1c3 O-O-O 10. Bc1e3 Be7f6 11. Qe5f4 c5 12. Ra1d1 cxd4 13. Be3xd4 Bf6xd4 14. Nc3e2 Bd4xf2 15. Ke1xf2 Qd7xd1 16. Qf4xf5 Kc8b8 17. Qf5e5 Kb8a8 18. Qe5xg7 Ng8e7 19. h4 Rh8e8 20. Rh1h3 Ne7f5 21. Ne2c3 Rd8d2 22. Kf2g1 Qd1e1 23. Rh3f3 Nf5xg7 0-1

[Event "RHP Coorespondance"]
[Date "2007.05.30"]
[EndDate "2007.05.30"]
[Round "?"]
[White "Tomasino, James"]
[Black "Hamp, David"]
[WhiteRating "1785"]
[BlackRating "1129"]
[WhiteElo "1785"]
[BlackElo "1129"]
[Result "1-0"]
[GameId "3621287"]

1. e4 e6 2. Ng1f3 d5 3. e5 f5 4. Nb1c3 Ng8e7 5. Nf3d4 Nb8c6 6. Nd4xe6 Bc8xe6 7. d4 Nc6xd4 8. Qd1xd4 c5 9. Qd4xc5 b6 10. Qc5d4 Ne7c6 11. Qd4a4 Qd8c8 12. Bf1b5 Qc8d7 13. Bb5xc6 O-O-O 14. Bc6xd7 Be6xd7 15. Qa4xa7 Bf8c5 16. Nc3xd5 Bd7c6 17. Qa7c7 1-0

[Event "RHP Coorespondance"]
[Date "2007.05.28"]
[EndDate "2007.06.14"]
[Round "?"]
[White "Tomasino, James"]
[Black "Zarzoza, Brandon"]
[WhiteRating "1785"]
[BlackRating "991"]
[WhiteElo "1785"]
[BlackElo "991"]
[Result "1-0"]
[GameId "3613196"]

1. e4 Ng8f6 2. Nb1c3 c6 3. d4 Nb8a6 4. Bc1f4 g6 5. e5 Nf6d5 6. Ng1f3 f5 7. Bf1c4 Qd8a5 8. O-O Nd5xf4 9. b3 Qa5xc3 10. Nf3g5 d6 11. Ng5f7 Rh8g8 12. Nf7g5 Bf8h6 13. Bc4f7 Ke8f8 14. exd6 Bc8e6 15. Bf7xe6 Rg8g7 16. d7 Na6c7 17. Ng5f3 g5 18. Nf3e5 Nc7xe6 19. Qd1f3 Qc3xf3 20. Ne5xf3 Ra8d8 21. Nf3e5 Ne6xd4 22. Ra1d1 Rd8xd7 23. Ne5xd7 Kf8e8 24. Rd1xd4 e5 25. Rd4d6 Rg7xd7 26. Rd6xh6 Nf4xg2 27. Kg1xg2 1-0

[Event "RHP Coorespondance"]
[Date "2007.05.26"]
[EndDate "2007.05.30"]
[Round "?"]
[White "Hamp, David"]
[Black "Tomasino, James"]
[WhiteRating "1129"]
[BlackRating "1785"]
[WhiteElo "1129"]
[BlackElo "1785"]
[Result "0-1"]
[GameId "3607007"]

1. e4 e5 2. Ng1f3 Nb8c6 3. c3 Ng8f6 4. Nf3g5 Bf8c5 5. d4 exd4 6. b4 Bc5b6 7. Bf1c4 d5 8. Bc4xd5 Bc8g4 9. f3 Bg4h5 10. Qd1b3 O-O 11. g4 Bh5g6 12. h4 h6 13. Ng5e6 fxe6 14. Bd5xe6 Kg8h8 15. h5 Bg6e8 16. Nb1d2 dxc3 17. Nd2c4 Nf6xe4 18. fxe4 Bb6f2 0-1

[Event "RHP Coorespondance"]
[Date "2007.05.25"]
[EndDate "2007.05.29"]
[Round "?"]
[White "Tomasino, James"]
[Black "Rosen, Joshua"]
[WhiteRating "1785"]
[BlackRating "1042"]
[WhiteElo "1785"]
[BlackElo "1042"]
[Result "1-0"]
[GameId "3603653"]

1. e4 d6 2. Nb1c3 e5 3. Ng1f3 Bc8d7 4. d4 Qd8e7 5. Nc3d5 Qe7e6 6. Nd5xc7 Ke8e7 7. Nc7xe6 fxe6 8. Bc1g5 Ng8f6 9. Bf1c4 h6 10. Bg5e3 Nf6xe4 11. O-O Nb8a6 12. dxe5 g5 13. Qd1d4 dxe5 14. Qd4xe4 Ra8c8 15. Qe4xe5 Bf8g7 16. Qe5xg7 Ke7d6 17. Qg7d4 Kd6c7 18. Nf3e5 Na6b4 19. Qd4xd7 Kc7b8 20. Qd7d6 Kb8a8 21. Qd6xb4 Rc8xc4 22. Qb4xc4 Rh8f8 1-0

[Event "RHP Coorespondance"]
[Date "2007.05.25"]
[EndDate "2007.05.28"]
[Round "?"]
[White "Zarzoza, Brandon"]
[Black "Tomasino, James"]
[WhiteRating "991"]
[BlackRating "1785"]
[WhiteElo "991"]
[BlackElo "1785"]
[Result "0-1"]
[GameId "3600967"]

1. e4 e5 2. Ng1f3 Nb8c6 3. Bf1b5 Bf8c5 4. Nb1c3 Ng8f6 5. Qd1e2 O-O 6. O-O d6 7. Nf3g5 Nc6d4 8. Qe2d3 a6 9. Ng5xh7 Nf6xh7 10. f4 Qd8h4 11. Qd3h3 Bc8xh3 12. gxh3 Qh4xh3 13. Bb5d7 Nd4f3 14. Kg1h1 Qh3xf1 0-1

[Event "RHP Coorespondance"]
[Date "2007.05.25"]
[EndDate "2007.05.25"]
[Round "?"]
[White "Tomasino, James"]
[Black "Hamp, David"]
[WhiteRating "1785"]
[BlackRating "1129"]
[WhiteElo "1785"]
[BlackElo "1129"]
[Result "1-0"]
[GameId "3600853"]

1. e4 e6 2. Ng1f3 f5 3. e5 d6 4. d4 Nb8c6 5. Bf1b5 Bc8d7 6. Bc1g5 Bf8e7 7. Bg5f4 a6 8. O-O axb5 9. Nb1c3 dxe5 10. dxe5 h6 11. Nc3xb5 Ra8a4 12. Qd1d2 Be7b4 13. c3 Bb4c5 14. Nf3g5 Nc6d4 15. cxd4 Bc5b4 16. Nb5c3 Bb4xc3 17. bxc3 Bd7c6 18. Ng5xe6 Qd8d7 19. Ne6c5 g5 20. Nc5xd7 1-0

[Event "RHP Coorespondance"]
[Date "2007.05.23"]
[EndDate "2007.05.25"]
[Round "?"]
[White "Hamp, David"]
[Black "Tomasino, James"]
[WhiteRating "1129"]
[BlackRating "1785"]
[WhiteElo "1129"]
[BlackElo "1785"]
[Result "0-1"]
[GameId "3596849"]

1. h4 g6 2. b4 Ng8f6 3. Nb1c3 Bf8g7 4. d4 d6 5. e3 O-O 6. g3 e5 7. f4 Bc8g4 8. Ng1f3 Nb8c6 9. a3 Nc6e7 10. Bf1e2 Ne7f5 11. Rh1g1 Nf6h5 12. Nc3e4 exf4 13. exf4 Nf5xd4 14. Ne4g5 Nd4xf3 15. Be2xf3 Bg4xf3 16. Qd1xf3 Bg7xa1 17. Bc1d2 Rf8e8 18. Ke1d1 Qd8f6 19. Qf3xb7 Qf6d4 20. Rg1e1 Ba1c3 21. Re1xe8 Ra8xe8 22. Qb7c6 Qd4xd2 0-1